01904cam a2200385 a 450000100090000000300050000900500170001400800410003101000170007201500190008901600180010802000310012602000280015703500240018503500210020903800240023004000490025405000230030308200160032610000280034224500370037026000470040730000320045444000550048650400660054150505000060756300070110765000400111465000670115485600830122190600450130494200120134999900190136195201380138014814553NUST20220202111216.0070419s2007 ctua b 001 0 eng  a 2007016143 aGBA7409742bnb7 a0137557832Uk a9780313337604 (alk. paper) a0313337608 (alk. paper) a(OCoLC)ocn123391022 a(OCoLC)123391022 aRani Shaista Kanwal aDLCcDLCdBAKERdUKMdBTCTAdC#PdYDXCPdDLC00aRB155.8b.K45 200700a616.0422221 aKelly, Evelyn B.98871710aGene therapy /cEvelyn B. Kelly. aWestport, Conn. :bGreenwood Press,c2007. ax, 198 p. :bill. ;c25 cm. 0aHealth and medical issues today,x1558-7592988718 aIncludes bibliographical references (p. [187]-192) and index. aGene therapy : a treatment for altered genes -- Medical and scientific issues in gene therapy -- Discoveries leading to gene therapy -- Successes and setbacks in the 1990s -- Single-gene recessive disorders -- Single-gene traits : dominant disorders -- X-linked disorders -- Multigene and traits influenced by environment -- Ethics issues and gene therapy -- Regulatory actions in the United States -- Gene therapy in other countries -- Social and religious issues -- The future of gene therapy. aHB 0aGene therapyvPopular works.988719 0aGene therapyxMoral and ethical aspectsvPopular works.988720413Table of contents onlyuhttp://www.loc.gov/catdir/toc/ecip0716/2007016143.html a7bcbccorignewd1eecipf20gy-gencatlg 2ddccBK c587750d587750 00102ddc4070aASABbASABd2019-06-24eGolden Booksl1o616.042 GEN 2007 3453pASAB3453r2025-06-26s2022-02-03t01w2019-06-24yBK